000 01006nam a2200229Ia 4500
999 _c44009
_d44009
001 10759
003 GE_BSU
005 20210222140323.0
008 181216s2011||||ge |||||||||||||| ||geo||
020 _a9789941403125
040 _cGE_BSU
041 _ageo
080 _a32.01(5-011) + 913.3:32(5-011) + 330.15 გ-23
100 _aგაჩეჩილაძე, რევაზ
_96988
245 _aახლო აღმოსავლეთი :
_bსივრცე, ხალხი და პოლიტიკა /
_cრევაზ გაჩეჩილაძე.
250 _aმესამე გადამუშავებული გამოცემა.
264 _aთბილისი :
_bბაკურ სულაკაურის გამ-ბა,
_c2011.
300 _a451გვ. ;
_bნახ.,
_c21 სმ.
653 _aახლო აღმოსავლეთი
653 _aსივრცე,ხალხი და პოლიტიკა
942 _cBK
_2udc